Quality Assurance in Heterogeneous R&D Portfolio of DTAG Laboratories- Report from an Early Implementation Phase

Gespeichert in:
Bibliographische Detailangaben
1. Verfasser: Dunaj, Michal, 1974-
Weitere Verfasser: Linke, Daniela
Format: Buchkapitel
Sprache:Englisch
Tags: Tag hinzufügen
Keine Tags, Fügen Sie das erste Tag hinzu!

MARC

LEADER 00000nla a2200000 4500
001 0158000
005 20240502083351.1
041 0 |a eng 
044 |a US 
245 1 0 |a Quality Assurance in Heterogeneous R&D Portfolio of DTAG Laboratories- Report from an Early Implementation Phase  |c Michal Dunaj, Daniela Linke 
100 1 |a Dunaj, Michal, 1974- 
700 1 |a Linke, Daniela